| 000 | 01142nam a2200349Ia 4500 | ||
|---|---|---|---|
| 003 | OSt | ||
| 005 | 20220912144720.0 | ||
| 006 | a|||||r|||| 00| 0 | ||
| 007 | ta | ||
| 008 | 220909b |||||||| |||| 00| 0 eng d | ||
| 020 | _a9780444537577 (hbk) | ||
| 020 | _aSL01535481 | ||
| 024 | _a160670 | ||
| 037 | _b546, 23/09/2011, Aviva Books Company | ||
| 037 | _cTextual | ||
| 040 |
_aCSL _beng _cCSL |
||
| 041 | _aeng | ||
| 082 | _aH5:(U287), Q1;1 TH | ||
| 100 | _aSorokhtin O, G; Chilingarian G,V; Sorokhtin N,O | ||
| 245 | 0 | _aEvolution of earth and its climate: Birth, life and death of earth | |
| 260 |
_aUSA _bElsevier _c2011 |
||
| 300 | _axvii;576p. | ||
| 500 | _aInclude bibliographical references 555-571p; Index 573-576p | ||
| 650 | _a Climate | ||
| 650 | _a Earth birth evolution | ||
| 650 | _a Earth study | ||
| 650 | _a Environmental science | ||
| 650 | _aGeology | ||
| 700 | _aSorokhtin O, G; Chilingarian G,V; Sorokhtin N,O | ||
| 942 |
_hH5:(U287), Q1;1 TH _cTEXL _2CC |
||
| 999 |
_c16494 _d16494 |
||